00938nam a22002175i 4500001000700000003000900007005001700016008004100033040002000074110005600094245007800150260004400228300004200272597002700314599008000341700003300421700003500454852008500489999001900574952012700593163074ES-MaACL20230906212650.0981209s1794 sp a |||| | spa d aAN bspa cCCPB2 aReal Maestranza de Caballería de Sevilla.913479310aOrdenanzas de la real Maestranza de Caballería de la ciudad de Sevilla. aMadrid : ben la Imprenta Real, c1794. a[6], 183 p., [1] h. de grab. ; c4º. aSign. : []4, *2, A-Z4. aLa h. de grab. calc. "Paret del. Moreno Texada sculpsit A.1794", alegorica.1 aMoreno Tejada, Juan.91301741 aParet y Alcazar, Luis.9130852 aES-MaACLjR-1355 z-- Enc. pasta q-- Falto de la h. de grab.xOlim: G-13636 c163074d163074 001040708LIBXVIIIaATENEOMbATENEOMcDEPOd2008-01-17eSSCl0oR-1355p1170878r2023-02-23 00:00:00w2023-02-23yMONANT